000 00589nam a22002057a 4500
003 DO-SdBNP
005 20180219105127.0
008 161130b 1996 xxu a 00| 0 spa d
020 _a9780590899307
040 _aBPMSU
_bspa
_cBPMSU
082 4 _axxxx
_bxxxx
100 1 _aPackard, David
245 1 3 _aEl béisbol /
_cDavid Packard ; ilustración Robert W. Alley
260 _aNew York :
_bScholastic,
_c1996.
300 _a23 p. :
_bil.,
_c23 cm.
700 1 _aAlley, Robert W.,
_eil.
942 _2ddc
_cBK
945 _aInventariado, 2018 / BT
956 _aBTAVÁREZ
_b10
_d20161130
_fBPMSU
_h0038
999 _c12181
_d12181